|
|
|
|
| LEADER |
01012nam a22002657a 4500 |
| 001 |
34049 |
| 003 |
BD-DhAAL |
| 005 |
20190109124134.0 |
| 008 |
181217t2013 bg a|||| |||| 00| 0 eng d |
| 999 |
|
|
|c 40353
|d 40353
|
| 020 |
|
|
|a 9789849015994
|
| 040 |
|
|
|a BD-DhAAL
|
| 041 |
|
|
|a eng
|
| 082 |
|
|
|a 769.5695492
|2 23
|
| 245 |
|
|
|a Postage stamps on liberation of Bangladesh /
|c edited by Muhammad Lutful Haq
|
| 260 |
|
|
|a Dhaka :
|b Nymphea Publication,
|c 2013.
|
| 300 |
|
|
|a 111 pages :
|b illustrations (some color), map ;
|c 21 cm.
|
| 526 |
|
|
|a AAL
|
| 541 |
|
|
|a Development Book Agency
|e 34049
|
| 650 |
|
|
|a Postage stamps
|z Bangladesh
|v Catalogs.
|9 29169
|
| 651 |
|
|
|a Bangladesh
|x History
|y Revolution, 1971.
|9 29170
|
| 700 |
|
|
|a Lutful Haq, Muhammad
|9 29171
|
| 852 |
|
|
|a Ayesha Abed Library
|c General Stacks
|
| 942 |
|
|
|2 ddc
|c BK
|
| 952 |
|
|
|0 0
|1 0
|2 ddc
|4 0
|6 769_569549200000000_POS
|7 0
|9 64817
|a BRACUL
|b BRACUL
|c BNC
|d 2018-12-18
|e Development Book Agency
|g 900.00
|l 0
|o 769.5695492 POS
|p 3010034049
|r 2018-12-18
|t 1
|v 1000.00
|w 2018-12-18
|y BK
|